[Event "FIDE-Wch k.o."]
[Site "Las Vegas"]
[Date "1999.08.03"]
[Round "2.1"]
[White "Timman, Jan H"]
[Black "Aronian, Levon"]
[Result "1-0"]
[WhiteElo "2650"]
[BlackElo "2518"]
[Annotator "Mikhalevski,V"]
[PlyCount "119"]
[EventDate "1999.07.31"]
[EventType "k.o."]
[EventRounds "7"]
[EventCountry "USA"]
[SourceTitle "CBM 072"]
[Source "ChessBase"]
[SourceDate "1999.10.01"]
[SourceVersion "1"]
[SourceVersionDate "1999.10.01"]
[SourceQuality "1"]

1. Nf3 Nf6 2. c4 g6 3. Nc3 Bg7 4. e4 e5 $6 {A dubious attempt to avoid King's
Indian.If we take statistics of this line,we'll find out that black lost
almost all the games.Maybe 4...e5 is not as bad as statistics shows,but
definitely it can't be recommended.} 5. Nxe5 $1 ({In case of} 5. d4 {Black's
idea can start working:} exd4 6. Nxd4 O-O 7. Be2 c6 8. O-O d5) 5... Nxe4 6.
Nxe4 Bxe5 7. d4 Bg7 8. Bg5 f6 9. Be3 O-O 10. Nc3 $1 (10. Be2 d6 (10... d5 $5)
11. Qd2 Re8 12. Nc3 Nc6 13. d5 Ne5 14. O-O f5 15. Rad1 a6 16. h3 Qe7 17. Rfe1
Qf8 18. Qc1 h6 19. Bf1 Re7 20. c5 Rf7 21. Ne2 g5 22. f4 Ng6 23. g3 Bd7 24. c6
bxc6 25. dxc6 Bc8 26. fxg5 hxg5 27. Bxg5 Rb8 28. b3 Rb4 29. Nf4 Nxf4 30. gxf4
Bd4+ 31. Kg2 d5 32. a3 {1-0 Summerscale,A-Berry,N/Aberdeen 1998/EXT 99 (32)})
10... Nc6 $146 (10... d6 11. g3 (11. Be2 Nc6 12. d5 Ne7 13. O-O Nf5 14. Bf4 Bd7
15. Bg4 a6 16. a4 h5 17. Bxf5 Bxf5 18. Re1 Qd7 19. Qb3 Rab8 20. c5 g5 21. Be3
Rfe8 22. a5 Bf8 23. Qc4 dxc5 24. Bxc5 Bxc5 25. Qxc5 Rxe1+ {Sanguinetti,
R-Garcia Palermo,C/Caseros 1974/EXT 98/1/2-1/2 (47)}) 11... Bd7 12. Bg2 Qc8 13.
Nd5 Nc6 14. O-O Rf7 15. Rc1 Ne7 16. Nxe7+ Rxe7 17. Qb3 c6 18. Bf4 $16 {Keene,
R-Miles,A/Hastings 1973/EXT 98/1-0 (49)}) 11. d5 Ne7 12. Bd3 d6 13. O-O Nf5 14.
Bf4 $14 {The same position with the white's bishop on e2 instead of d3 has
occured in the game Sanguinetti,R-Garcia Palermo,C/Caseros 1974/EXT 98/1/2-1/2
(47) see above.} Nh6 15. Rc1 f5 16. Qd2 Nf7 {[%cal Gg6g5]} 17. Be3 Bd7 $6 {
Too slowly.Black should try to create counterplay by means of 17..g5.} (17...
g5 $5 18. f4 gxf4 19. Bxf4 Ne5 $14 {[%cal Gd8f6]}) 18. f4 $1 {[%mdl 32] Now
Black men are lack of space and White can strengthen his position with no
obstacles from the opponent's side.} Re8 19. Bf2 a6 20. Ne2 $1 {[%cal Ge2d4,
Gd4f3]} Qf6 (20... b5 $6 {[%csl Rc7][%cal Gc1c7] is senceless as opening of
the c-file is in the White's favour.}) 21. b3 b6 22. Nd4 Bh6 23. Bb1 {White
has all time in the world for his manoeuvres.} Bf8 24. Nf3 Qh8 25. h3 Qf6 26.
Bd4 Qd8 27. Qc3 $1 {Step by step White took all the space and makes Black to
create new weaknesses in his position as he can't wait anymore.} c5 {Sad
necessity.} 28. dxc6 Bxc6 29. Rce1 $14 {[%csl Rd6,Rf7,Rf8]} (29. Bf6 Be7 $1 (
29... Qc7 $6 30. Nd4 {[%csl Rg8][%cal Gd4c6,Gd4f5]})) 29... Qc7 30. Bf6 {
[%cal Gf3d4,Gd4f5]} Qb7 31. Nh4 $5 {[%cal Gc3g3,Rh4f5]} Nh6 $8 (31... Rxe1 $2
32. Rxe1 Re8 {doesn't bring relief as after} 33. Rxe8 Bxe8 {White wins a pawn.}
34. Nxf5 (34. Bxf5 $5)) 32. Bc2 (32. Bd3 $5) 32... b5 33. Bd3 bxc4 (33... Rxe1
$5 34. Rxe1 Re8 {trying to make his life easier with the aid of exchanges}) 34.
Rxe8 Bxe8 $5 (34... Rxe8 35. Qxc4+ {[%cal Rc4g8,Rc4a6]} d5 36. Qxa6 Qxa6 37.
Bxa6 Ra8 38. Bd3 Rxa2 39. Rc1 Be8 40. Nf3 $14) 35. Qxc4+ Bf7 (35... Nf7 $5 {
[%cal Gd6d5,Gf7d6,Gd6e4,Ge8b5]}) (35... d5 $142 $5 36. Qd4 Rc8) 36. Qd4 Re8 37.
Nf3 a5 {[%cal Gb7b4]} 38. Rd1 (38. Rc1 $5 Bd5 $140 39. Ba6 $1 Qa8 40. Bc4 $1
Bxc4 41. Qxc4+ $14 {[%csl Ra5,Rd6]}) 38... Qb4 39. Qxb4 (39. Rc1 $5 $14) 39...
axb4 40. Ng5 Bg7 $2 {[%mdl 8192] loses a pawn by force.} (40... Ra8 {[%csl Ra2]
was necessary with worse,but playable position.} 41. Rd2 Bg7 42. Bxg7 Kxg7 43.
Kf2 $14 {[%csl Rb4,Rd6]}) 41. Bxg7 Kxg7 42. Bf1 $1 $16 {[%csl Rb4,Rd6]} (42.
Ba6 $5) 42... d5 {At least annoying knight on g5 will be exchanged.} (42... Ra8
43. Rxd6 Rxa2 44. Rd7 $1 $18 {Now Black's knight is in trouble.It can find a
rest only on h8:} Ra1 45. Kf2 Ra2+ 46. Kf3 Kf6 47. Nxf7 $1 Nxf7 48. Bc4 Nh8 49.
Rxh7 Ra8 50. Rb7 $18) (42... Rd8 43. Rd4 Ra8 44. Rxd6 {see 42...Ra8}) 43. Nxf7
Nxf7 44. Rxd5 Kf6 45. Bc4 $1 {[%cal Gd5d7]} Rd8 {Black signs capitulation,but
a good advice is already very expensive.} 46. Rxd8 Nxd8 47. Bd5 $1 {[%csl Rd8]}
g5 (47... Ke7 48. Kf2 Kd6 (48... h5 49. Ke3 Kd6 50. Kd4 $18) 49. Bg8 Ke7 50.
Ke3 Nc6 51. Kd3 $18) 48. fxg5+ Kxg5 49. Kf2 Kf4 50. Ke2 Ke5 51. Bg8 Ne6 {
Last chance.Black obtain some chances in the pawn ending after 52.B:e6,but...}
(51... h6 52. Kd3 Nc6 53. Kc4 Kd6 54. Bh7 f4 55. Be4 $18) 52. Bxh7 {Most
simple.} (52. Bxe6 {Black could look for a draw in the following variations:}
Kxe6 53. Kd3 Kd5 $1 (53... Ke5 54. Kc4 Kf4 55. Kxb4 Kg3 56. a4 Kxg2 57. a5 f4
58. a6 f3 59. a7 f2 60. a8=Q+ $18) 54. Kc2 (54. g3 h6) 54... f4 55. Kb2 (55.
Kb1 Kd4 $1 (55... Ke4 56. a4 $1 bxa3 57. b4 $1 $18) 56. a4 bxa3 57. Ka2 (57. b4
$4 Kc4) 57... Ke3 58. b4 Kf2 59. b5 Kxg2 60. b6 f3 61. b7 f2 62. b8=Q f1=Q 63.
Qg8+ $11) 55... Ke4 56. a4 bxa3+ 57. Kxa3 Ke3 58. b4 Kf2 59. b5 Kxg2 60. b6 f3
61. b7 f2 62. b8=Q f1=Q $11) 52... Nf4+ 53. Kf3 Nd5 54. h4 Nc3 55. Bg8 Kf6 (
55... Nxa2 56. h5 Kf6 57. h6 (57. Kf4 $5 Nc3 58. Bc4) 57... Nc3 58. h7 Kg7 59.
Kf4 Nd1 60. g3 $18) 56. g3 Nxa2 57. Kf4 Nc3 58. Bc4 $1 {(.)} Ne4 (58... Kg6 59.
Ke5 Ne4 60. g4 $18) 59. g4 Nd6 60. g5+ 1-0

[Event "EU-Cup 14th final"]
[Site "Belgrade"]
[Date "1999.01.13"]
[Round "3"]
[White "Piket, Jeroen"]
[Black "Mikhalevski, Victor"]
[Result "1/2-1/2"]
[WhiteElo "2618"]
[BlackElo "2531"]
[Annotator "Mikhalevski,V"]
[PlyCount "210"]
[EventDate "1999.01.11"]
[EventType "team-k.o."]
[EventRounds "3"]
[EventCountry "YUG"]
[SourceTitle "EXT 2020"]
[Source "ChessBase"]
[SourceDate "2019.10.17"]
[SourceVersion "1"]
[SourceVersionDate "2019.10.17"]
[SourceQuality "1"]
[WhiteTeam "Sarajevo Bosna"]
[BlackTeam "Beer-Sheva Chess Club"]
[WhiteTeamCountry "BIH"]
[BlackTeamCountry "ISR"]

1. Nf3 Nf6 2. c4 g6 3. Nc3 d5 4. cxd5 Nxd5 5. Qa4+ Bd7 6. Qh4 Nxc3 7. dxc3 Nc6
8. e4 e5 9. Bg5 Be7 10. Bc4 h5 $1 {N A very strong novelty of A.Greenfeld. He
had showed it to me two days before the game and I couldn't find anything
better than the well-known endgame with the black pawn on h5 instead of h6
that doesn't look very essential.} ({After} 10... h6 11. Bxe7 Qxe7 {White has
two options at his disposal:1) 12.0-0-0 with a very slight adge in the endgame
or 2)more poisonous 12.Qg3 which is senceless after 10...h5.}) 11. Bxe7 ({
An attempt to refuse 10...h5 by} 11. O-O-O {doesn't look very promising:} f6
12. Rxd7 (12. Be3 $2 g5 13. Qg3 h4 {The point of 10...h5.}) (12. Be6 $2 fxg5
13. Bxd7+ Qxd7 {-+}) 12... Qxd7 13. Bxf6 Rf8 $1 {and White can't get more than
some compensation after} 14. Bxe7 Qxe7 15. Qg3 (15. Qh3)) 11... Qxe7 12. O-O-O
Qxh4 13. Nxh4 Rf8 {preparing 0-0-0,Ne7 and f6 if necessary.} 14. Bd5 (14. Rd2
$5) 14... O-O-O 15. Rd3 (15. Nf3 f6) 15... Ne7 16. Bb3 f6 (16... c6 $5 {
/\Kc7;f6 and then Bc8 or Bg4 reaching full equality.} 17. Rd6 (17. Rhd1 Kc7)
17... f6 18. Be6 (18. Rhd1 Kc7 19. Be6 Bxe6 20. Rxe6 Rxd1+ 21. Kxd1 Rf7 $1 (
21... Kd7 $4 22. Rxe7+ {+-})) 18... Bxe6 19. Rxe6 Rf7 (19... Kd7 $2 20. Rxe7+
Kxe7 21. Nxg6+ {+/-}) 20. g3 $5 Kd7 21. Rd1+ Kc7 $5 (21... Kxe6 22. Rxd8 g5 23.
Nf3 g4) 22. Rxd8 (22. Rf1 Kd7 23. Rd1+ {=}) 22... Kxd8 23. Rd6+ Kc7 {=}) 17.
Rhd1 Bg4 (17... c6 {preparing Kc7 and Bg4 is more accurate.} 18. Rxd7 {leads
to an equal knight endgame.} Rxd7 19. Be6 Rfd8 {=}) 18. Nf5 $1 {I have
completely overlooked this nice idea.Fortunately it's not as dangerous as it
looks like.} ({or} 18. f3 Rxd3 19. Rxd3 Bd7 20. g3 {=}) 18... Bxf5 {Again
inaccuracy.} (18... Bxd1 $4 19. Nxe7+ Kb8 20. Rxd8+ Rxd8 21. Bxd1 {+-}) (18...
gxf5 $4 19. Rxd8+ Rxd8 20. Be6+ {+-}) (18... Rxd3 {was much simplier.} 19.
Nxe7+ Kd7 20. Rxd3+ Kxe7 {=}) 19. exf5 Rxd3 20. Rxd3 Nxf5 21. Be6+ Kb8 22. Bxf5
gxf5 23. g3 $1 ({or} 23. Rd7 f4 24. Rh7 Rg8 25. g3 (25. Rxh5 Kc8 26. g3 {
see 25.g3}) 25... fxg3 26. fxg3 Kc8 27. Rxh5 (27. Kd2 Rg5) 27... Kd7 (27... Rg7
$5 28. Rh6 (28. Rf5 Rg6) 28... f5 29. Rf6 f4 30. gxf4 exf4 31. Rxf4 Rg1+ 32.
Kc2 Rg2+ {=}) 28. Rh7+ Kd6 29. Rf7 Rg6 30. Kd2 Rh6 31. h4 (31. Ke3 $140 {?!}
Rxh2 32. Rxf6+ Kd5 33. Rf2 Rxf2 $1 34. Kxf2 Ke4 35. Ke2 b5 $1) 31... Rg6 {=})
23... h4 $1 24. Rf3 hxg3 (24... f4 {is more dangerous.} 25. gxf4 Rg8 $1 (25...
e4 26. Rh3 Rh8 27. f5 Rh5 28. Kd2 Kc8 (28... Rxf5 29. Rxh4 Kc8 {see 28...Kc8} (
29... Rxf2+ $4 30. Ke3 {+-})) 29. Ke3 Rxf5 30. Rxh4 Rf3+ 31. Ke2 {+=} f5 $140 (
31... Kd7 $5 32. Rxe4 Rh3) 32. Rh7) 26. fxe5 fxe5 27. Rf5 Kc8 $1 28. Rxe5 Rg1+
$1 (28... Rg2 29. h3 Rh2 30. Re3 {+=}) 29. Kd2 Rh1 30. Re7 Rxh2 {=}) 25. hxg3 (
25. fxg3 f4 26. gxf4 Rg8 $1 {=}) 25... f4 $6 {Another inaccuracy.} ({After} 
25... Kc8 26. Rxf5 Kd7 27. Kd2 Ke6 28. Rh5 {Black is very close to reaching a
draw.}) (25... Rh8 $5 {was probably the most exact way to an equality.} 26.
Rxf5 Rh6 27. g4 Kc8 28. Rh5 ({In case of} 28. Kd2 Kd7 29. Rh5 (29. g5 fxg5 30.
Rxe5 Rf6 $1 31. Ke3 Re6 $1 32. Ke4 Kd6 $1 {=}) 29... Rxh5 30. gxh5 Ke6 {
very interesting pawn endgame with unclear evaluation turns out.}) 28... Rg6
29. f3 e4 {=}) 26. gxf4 exf4 (26... e4 27. Rh3 {+=}) 27. Rxf4 {+= Now White is
slightly better thanks to the more active rook.Despite it seems very simple
Black has to be very careful to equalize.} Kc8 28. Kd2 Kd7 29. Kd3 Ke6 30. Re4+
Kf7 $6 {Now time-pressure is playing a bad trick on me.} (30... Kd6 $5 31. Ke3
Rh8 $1) 31. a4 Rh8 (31... Rd8+ 32. Rd4 $1 (32. Ke3 Rd5 {=}) 32... Rxd4+ 33.
Kxd4 {+=}) 32. Rc4 Rh3+ (32... c6 33. a5 Rh3+ (33... Rh5 34. a6 Rb5 35. b4 bxa6
36. Rxc6 {+/-}) 34. Ke4 {see the game.}) 33. Ke4 c6 34. a5 Ke6 35. a6 $1 f5+
36. Kf4 $1 {Only now I realized that the rook on c4 is inviolable.} Rh7 $2 ({
Anyway} 36... Rh4+ {was necessary.} 37. Ke3 (37. Kg5 $4 Rxc4 38. axb7 Rg4+)
37... Rh7 38. b4 (38. axb7 Rxb7 39. Rxc6+ Kd5 40. Ra6 {+/-}) 38... Kd6 39. Rc5
$5 {+/-}) 37. b4 $1 bxa6 (37... Rh4+ 38. Ke3 Rh3+ 39. f3) 38. Rxc6+ Kd5 39.
Rc5+ Kd6 40. f3 $5 (40. Ra5 $5) 40... Rf7 41. Ra5 Rc7 42. Rxa6+ Kd5 43. Ra5+ $1
Kd6 (43... Kc4 44. Rxf5 {+-}) 44. Kxf5 Rxc3 45. f4 {+- Now White wins simply.}
Rc7 46. Kg6 ({Why not} 46. Kf6) 46... Ke7 47. f5 Kf8 48. f6 Rc4 49. Rb5 $2 {
Now White is starting to make mistakes.} ({After} 49. b5 Rg4+ (49... Rc7 50. b6
) (49... Rc1 50. Rxa7 Rg1+ 51. Kf5 Rb1 52. Ke6 $1 Re1+ 53. Kd6 {+-}) 50. Kf5
Rb4 51. Rxa7 Rxb5+ 52. Kg6 {everything is over.}) 49... Rg4+ 50. Kf5 Rc4 51.
Rb8+ Kf7 52. Rb7+ Kf8 53. b5 $2 {Decisive mistake. Suddenly Black escapes!} (
53. Ke6 Rc6+) (53. Ke5 $1 {was necessary 1) bringing the king to c5(in case of
Rf4 f7 can be played) and 2)White surrounds the a-pawn(rook comes from a7 and
king from a5 if necessary).}) 53... Ra4 $1 {Now White can't strenghten his
position.The defencive line is very clear:1)In case White brings his king to
g6 or e6 check from g or e-file is coming;2)Kb8 has to be met by Ra5 and
Black's king is waiting;3)If White's king doesn't control the g6-square then
Black's rook can wait along the b-file to limit the mobility of White's rook.}
54. Ke6 Re4+ 55. Kf5 Ra4 56. Ke6 Re4+ 57. Kd5 Rb4 58. Kc6 Rc4+ 59. Kd6 Rd4+ 60.
Kc7 Ra4 $8 61. Kd6 Rd4+ 62. Ke5 Ra4 63. Rb8+ Kf7 64. Rh8 Ra1 (64... Rb4 $5 65.
Rh7+ Kf8 (65... Kg8 $2 66. Rxa7 Rxb5+ 67. Ke6) 66. Ke6 Re4+ 67. Kf5 Ra4 $1) 65.
Rh7+ Kf8 66. Ke6 Re1+ 67. Kd6 Rd1+ 68. Ke5 Ra1 69. Rc7 Ra2 70. Kd6 Rd2+ 71. Ke6
Re2+ 72. Kd7 Ra2 73. Kd8 Ra1 74. Kc8 Ra5 75. Rb7 Ra1 76. Kc7 Ra2 77. Kb8 Ra5 $8
78. Ka8 Kg8 79. f7+ Kg7 80. Kb8 Kf8 81. Kc7 Ra1 $1 ({It wasn't late to lose.} 
81... Kxf7 $4 82. b6 $1 axb6 83. Kxb6+) 82. Kd8 Ra5 83. Kc7 Ra1 84. Kd6 Rd1+
85. Kc5 Rc1+ 86. Kd5 Rd1+ 87. Kc4 Rc1+ 88. Kb3 Rb1+ 89. Kc3 Kg7 90. Kc4 Ra1 91.
Rd7 Kf8 92. Kc5 Rc1+ 93. Kd6 Ra1 94. Kc6 Ra2 95. Kc7 Ra5 96. Kc6 Ra2 97. Kc5
Ra1 98. Rd6 Kxf7 99. Ra6 Rxa6 {Here I felt a big relief.Game is saved.} 100.
bxa6 Ke7 101. Kc6 Kd8 102. Kb7 Kd7 103. Kxa7 Kc7 104. Ka8 Kc8 105. a7 Kc7
1/2-1/2

[Event "Asia-ch 4th"]
[Site "Doha"]
[Date "2003.03.02"]
[Round "9"]
[White "Kostenko, Petr"]
[Black "Isaev, Jamshed"]
[Result "1-0"]
[WhiteElo "2497"]
[BlackElo "2438"]
[Annotator "Mikhalevski,V"]
[PlyCount "45"]
[EventDate "2003.02.22"]
[EventType "swiss"]
[EventRounds "9"]
[EventCountry "QAT"]
[SourceTitle "CBM 094"]
[Source "ChessBase"]
[SourceDate "2003.05.26"]
[SourceVersion "1"]
[SourceVersionDate "2003.05.26"]
[SourceQuality "1"]

1. c4 Nf6 2. g3 g6 3. Bg2 d5 4. cxd5 Nxd5 5. Nc3 Nb6 6. d3 Bg7 7. Be3 O-O $6 {
Despite this move has already been played for many years I think that it's
premature and Black has to wait for White's castle. Usually it leads to a free
attack started with Qd2 and Bh6 and followed by h4. This is already at least
the third unfortunate attempt of Isaev to revive this suspicious line.} (7...
Nc6 $142) 8. Qd2 $1 {[%csl Rg8][%cal Ge3h6]} Re8 9. Bh6 Bh8 10. h4 {[%csl Rg8]
[%cal Gh4h5]} c5 {Probably Isaev is trying to improve his game against Lerner.
You can find it below. It seems that after a crushing loss to Xu Yun Black
doesn't want to repeat 10...c6} (10... c6 11. h5 Nd5 12. hxg6 hxg6 13. Nf3 Nxc3
14. bxc3 Qa5 15. Rc1 Be6 16. Rc2 Rd8 17. Bg5 $1 f6 $2 {Black misses a
beautiful combination.} ({However even after the best} 17... Rd7 {White has a
clear positional advantage.}) 18. Rxh8+ $3 Kxh8 19. Bxf6+ $1 exf6 20. Qh6+ {
and White picks up all 6th rank.} Kg8 21. Qxg6+ Kf8 22. Qxf6+ Bf7 23. Ne5 $18 {
1-0 Xu Jun-Isaev,J/Udaipur 2000/EXT 2001 (30). (29)}) (10... N8d7 {was tested
in the origin-game:} 11. h5 Nf6 12. Nf3 Ng4 13. hxg6 hxg6 14. Bg5 $5 {with a
strong attack along the h-file.} (14. Rh4 {1-0 Ribli,Z-Adorjan,A/Budapest 1973/
EXT 2000 (50). (49)})) (10... Nc6 11. Bxc6 $5 {Typical for Nb6- variation
exchange. Giving up a strong bishop white creates weak pawns on the open
c-file.} bxc6 12. h5 Nd5 13. hxg6 fxg6 (13... hxg6 $5) 14. Nf3 Rb8 15. Rc1 $16
{[%csl Rg8] with a clear positional edge. 1-0 Macieja,B-Murawski,G/Zakopane
2000/CBM 78 ext (33). (32)}) 11. Nf3 {White doesn't want to check out Isaev's
improvement over 11. Be3 and simply develops pieces.} (11. Be3 {Lerner- Isaev,
2002 CBM88 [Postny]}) 11... Nc6 12. h5 c4 13. hxg6 hxg6 14. O-O-O $1 {
Beginning of the end. White's threats along the h-file are too strong.} cxd3
15. Bf8 $3 $40 {[%cal Gh1h8][%mdl 512] Brilliant move. With Bf8 White opens
the h-file for his rook and the d2-h6 diagonal for the Queen creating on the
way a threat of mate in three.} Bf6 $8 {Only defense which allows to prolong
the fight. However it can't change the evaluation.} (15... Rxf8 16. Qh6 {
leads to immediate mate.}) 16. Qh6 {[%cal Gd1d3,Gf3g5]} Nc4 $2 {Mistake in a
difficult position. It wasn't easy to find 16...Qc7!} (16... Nb4 $2 17. Ng5 $1
{[%cal Rh6h7,Rh7f7]} Bxg5+ 18. Qxg5 {[%csl Rg8][%cal Gh1h8]}) (16... Qc7 $3 {
This cool move could allow to continue the fight for a while.} 17. Rxd3 $1 {
[%cal Gc3e4] Important resource. Removing the d-pawn White creates a fantastic
threat Ne4 having in mind that a discovered check is met by Rc3.} ({After
direct} 17. Ng5 Bxg5+ (17... Be6) 18. Qxg5 {[%cal Gh1h8]} Qe5 $1 {Only defense
again.} 19. Qh4 dxe2 20. Rde1 Qh5 $1 {White still has to prove his superiority.
}) 17... Bf5 $1 {[%csl Ge4] Against Ne4!.} (17... Nb4 $2 18. Ng5 $1 {[%cal
Gh6h7]} Qc4 {[%csl Rf7]} (18... Bxg5+ 19. Qxg5 {[%cal Gh1h8]} Nxd3+ 20. exd3
$18 {[%cal Gh1h8]}) 19. Bxe7 $3 {[%csl Rd8,Rh8][%cal Gd3d8,Gh6h8]} Nxd3+ 20.
exd3 $18) (17... Be6 18. Ne4 $3 {[%csl Rg7,Rh8][%cal Ge4f6]} ({After} 18. Ng5 {
[%cal Gg5e6] Black is able to keep the position for a while with} Qe5 $1 {
[%cal Ge5e6,Gf6g5]} (18... Bxa2 $2 19. Bd5 $3 {[%csl Rf7][%cal Gh6h7]} (19. Rd5
$5 {[%csl Rf7][%cal Gh6h7]}) 19... Bxd5 20. Rxd5 $1 Nd8 21. Rxd8 $1 Bxg5+ 22.
Qxg5 $18 {[%cal Gh1h8]}) (18... Bc4 $2 19. Bd5 $3 {[%csl Rf7][%cal Gh6h7] see
18...Bxa2}) (18... Bxg5+ 19. Qxg5 Qe5 20. Qh6) 19. Nge4)) 18. Ng5 $1 {[%csl
Rf7][%cal Gh6h7,Gh7f7]} Ne5 $5 {[%csl Gf7] It's hard to believe, but Black is
still fighting here. However it won't continue for long. Next smashing blow
decides the game.} (18... Bxg5+ {Probably the best defense. Black exchanges
the Queens here, but position remains hopeful.} 19. Qxg5 Qe5 20. Re3 Qd4 21.
Rh4 $1 {Finall the Queen has to return to f6.} Qf6 22. Bxe7 $1 {Small
combination in Capablanca's style. White wins a pawn transposing to a winning
endgame.} Qxg5 23. Bxg5 $18 {[%cal Gg5f6]}) 19. f4 $3 $18 {[%csl Rf7] Removing
defense from the f7-square.} (19. Rf3) 19... Nxd3+ (19... Bxd3 20. fxe5 Bxg5+
21. Qxg5 {[%cal Gh1h8]}) 20. exd3 e6 21. Bd6 $1 {[%cal Gh6h7] with mate in
three.}) 17. exd3 $1 $18 {[%cal Gd3c4] Removing the last hope. dc is
threatening. If the knight moves Ne4 decides the game since Black can't avoid
exchange of the dark-squared bishop.} (17. Ng5 $2 {would throw the win.} d2+
18. Kb1 Na3+ $1 19. Ka1 (19. bxa3 $6 Bf5+ 20. Be4 Qb6+ 21. Kc2 Nd4+ $40) 19...
Nc2+ $11) 17... Qa5 (17... Nxb2 18. Ne4 $3 {[%csl Rg8][%cal Ge4f6,Gh6g7,Gh6h8]}
) (17... Qb6 18. dxc4) 18. dxc4 $1 Bxc3 {loses on the spot, but Black's
already a piece down.} 19. Nd4 $1 {[%cal Rh6g7,Rh6h8] Beautiful move again.
Black's bishop can't control dark squares anymore. Time to resign.} Bxb2+ (
19... Qe5 20. bxc3) 20. Kxb2 Qe5 21. Qh7+ Kxf8 22. Qh8+ Qxh8 23. Rxh8+ {
[%mdl 1] Brilliant game by Kostenko.} (23. Rxh8+ Kg7 24. Rxe8 $18) 1-0